000 00536nam a2200193Ia 4500
005 20260429112303.0
008 260429s9999||||xx |||||||||||||| ||und||
020 _a9781666867527
041 _aEnglish
082 _a576.5
_bCAM
100 _aCampbell, Lauren
245 0 _aTextbook of genetics and biotechnology /
_cLauren Campbell
260 _aWilmington :
_bAmerican Academic Publisher,
_c2024.
300 _axvi, 303 p.; hb
650 _a Biotechnology
650 _a Molecular biology
650 _aGenetics
942 _cTB
999 _c53321
_d53321